00398nam a2200145Ia 4500003000400000008004100004040001600045082001300061100001900074245004500093260005200138490002500190650001500215650002200230GCL140319s9999 xx 000 0 eng d aGCL / cGCL04a843bP C1 aPROUST, MARCEL10aLE COTE DE GUERMANTES / cPROUST, MARCEL a[S.N] : bLIBRAIRE GENERALE FRANCAISE ، c1992 aLE LIVRE DE POCHEv004aLITERATURE04aFRENCH LITERATURE